Municipalities of Campeche - with a map - Statistics

General Stats
  • This quiz has been taken 8 times
  • The average score is 8 of 13
Answers on the Map
Answers color-coded by a green-red scale on the quiz's map according to % correct below.
 
Answer Stats
Answer % Correct
Campeche
100%
Calakmul
75%
Calkiní
75%
Carmen
75%
Champotón
75%
Candelaria
50%
Hecelchakán
50%
Hopelchén
50%
Palizada
50%
Seybaplaya
50%
Tenabo
50%
Dzitbalché
25%
Escárcega
25%
No matching quizzes found
Score Distribution
Percent of People with Each Score
Percentile by Number Answered
Your Score History
You have not taken this quiz